Circular economy : challenges and opportunities for ethical and sustainable business
Saved in:
| Other Authors | , |
|---|---|
| Format | Electronic eBook |
| Language | English |
| Published |
Abingdon, Oxon ; New York, NY :
Routledge,
2022.
|
| Subjects | |
| Online Access | Full text |
| ISBN | 9780367816650 9781000427158 9781000427189 9780367418663 9780367418649 |
| Physical Description | 1 online zdroj (xxiii, 226 stran) : ilustrace |
Cover
| LEADER | 00000nam a2200000 i 4500 | ||
|---|---|---|---|
| 001 | 114047 | ||
| 003 | CZ-ZlUTB | ||
| 005 | 20260609151616.0 | ||
| 006 | m o d | ||
| 007 | cr ||||||||||| | ||
| 008 | 210319t20222022enka eo 001 0 eng | ||
| 020 | |a 9780367816650 |q (electronic book) | ||
| 020 | |a 9781000427158 |q (electronic bk. : PDF) | ||
| 020 | |a 9781000427189 |q (electronic bk. : EPUB) | ||
| 020 | |z 9780367418663 |q (hardcover) | ||
| 020 | |z 9780367418649 |q (paperback) | ||
| 024 | 8 | |a 17469393 | |
| 040 | |a EBZ |b eng |c EBZ |e rda | ||
| 042 | |a pcc | ||
| 072 | 7 | |a 338.3/.4 |x Hospodářská a výrobní odvětví |2 Konspekt |9 4 | |
| 080 | |a 338:502.173/.174 |2 MRF | ||
| 080 | |a 502.131.1 |2 MRF | ||
| 080 | |a 005.35:502.131.1 |2 MRF | ||
| 080 | |a (0.034.2:08) |2 MRF | ||
| 080 | |a (082) |2 MRF | ||
| 245 | 0 | 0 | |a Circular economy : |b challenges and opportunities for ethical and sustainable business / |c edited by Helen Kopnina and Kim Poldner. |
| 264 | 1 | |a Abingdon, Oxon ; |a New York, NY : |b Routledge, |c 2022. | |
| 264 | 4 | |c ©2022 | |
| 300 | |a 1 online zdroj (xxiii, 226 stran) : |b ilustrace | ||
| 336 | |a text |b txt |2 rdacontent | ||
| 337 | |a počítač |b c |2 rdamedia | ||
| 338 | |a online zdroj |b cr |2 rdacarrier | ||
| 504 | |a Obsahuje bibliografické odkazy a rejstřík | ||
| 506 | |a Plný text je dostupný pouze z IP adres počítačů Univerzity Tomáše Bati ve Zlíně nebo vzdáleným přístupem pro zaměstnance a studenty | ||
| 650 | 0 | 7 | |a cirkulární ekonomika |7 ph1080844 |2 czenas |
| 650 | 0 | 7 | |a udržitelný rozvoj |7 ph126768 |2 czenas |
| 650 | 0 | 7 | |a udržitelnost podniků |7 ph1263113 |2 czenas |
| 650 | 0 | 9 | |a circular economy |2 eczenas |
| 650 | 0 | 9 | |a sustainable development |2 eczenas |
| 650 | 0 | 9 | |a corporate sustainability |2 eczenas |
| 655 | 7 | |a elektronické knihy |7 fd186907 |2 czenas | |
| 655 | 7 | |a sborníky |7 fd163935 |2 czenas | |
| 655 | 9 | |a electronic books |2 eczenas | |
| 655 | 9 | |a papers of several authors |2 eczenas | |
| 700 | 1 | |a Kopnina, Helen, |e editor. | |
| 700 | 1 | |a Poldner, Kim, |e editor. | |
| 776 | 0 | 8 | |i Print version: |t Circular economy |d Abingdon, Oxon ; New York, NY : Routledge, 2022. |z 9780367418663 |w (DLC) 2021008173 |
| 856 | 4 | 0 | |u https://search.ebscohost.com/login.aspx?direct=true&scope=site&db=nlebk&db=nlabk&AN=2914860&authtype=ip,shib&custid=s3936755 |
| 942 | |2 udc | ||
| 992 | |c EBOOK-TN |c EBSCO | ||
| 993 | |x NEPOSILAT |y EIZ | ||
| 999 | |c 114047 |d 114047 | ||